| 000 | 00402cam a2200169ua 4500 | ||
|---|---|---|---|
| 020 | _c795.00 | ||
| 041 |
_aeng _h |
||
| 082 |
_a631.521 _bSIN/SE |
||
| 100 | _aSingh, Gurnam . | ||
| 245 |
_aSeed quality / _cGurnam Singh. _hTextual Documents |
||
| 260 |
_aNew Delhi : _bGene-Tech Books , _c2008. |
||
| 300 | _a ; . | ||
| 365 | _a795.00 | ||
| 504 | _a | ||
| 942 | _cBK | ||
| 999 |
_c13486 _d13486 |
||